Statistics for I Love You - in different languages

Click here to take the quiz!

General Stats

  • This quiz has been taken 32 times
  • The average score is 7 of 15

Answer Stats

Hint Answer % Correct
Ti amoItalian
97%
Ich liebe dichGerman
93%
Je t'aimeFrench
93%
Te amoSpanish
93%
Jag älskar digSwedish
73%
Ai shiteruJapanese
63%
SzeretlekHungarian
53%
Seni seviyorumTurkish
40%
Ég elska þigIcelandic
37%
Kocham cięPolish
30%
Volim teCroatian/Serbian
27%
InhobbokMaltese
13%
Ma armastan sindEstonian
7%
NgiyakuthandaZulu
7%
Yes sirum yem k'ezArmenian
7%

Score Distribution

Percentile by Number Answered

Percent of People with Each Score

Your Score History

You have not taken this quiz